000 00375pab a2200157 454500
008 180718b2009 xxu||||| |||| 00| 0 eng d
100 _aGaikwad, D.T.
245 _aDr. Ambedkar and Damodar river valley project in India
260 _c2009
300 _ap.21-25.
362 _aApr-Jun
650 _aAmbedkar, B.R.
773 _aAshwastha
908 _aN
909 _a83341
999 _c83341
_d83341